| 000 | 00759nam a2200193 i 4500 | ||
|---|---|---|---|
| 001 | 69280 | ||
| 003 | ES-MaACL | ||
| 005 | 20260127062530.0 | ||
| 007 | t| | ||
| 008 | 040702s1972 sp ||||1| spa d | ||
| 100 | 1 |
_aGarcía Arias, Luis. _954185 |
|
| 245 | 1 | 0 |
_aBalance y perspectivas del Tribunal Internacional de Justicia _b: discurso 24 enero 1972, en su recepción / _cpor Luis García Arias y contestación José Yanguas Messía. |
| 260 |
_aMadrid : _bReal Academia de Jurisprudencia y Legislación, _c1972. |
||
| 300 |
_a93 p. ; _c24 cm. |
||
| 700 | 1 |
_aYanguas Messía, José de, _d1890-1974 _9117556 |
|
| 700 |
_aReal Academia de Jurisprudencia y Legislación de España _9217612 |
||
| 852 |
_aES-MaACL _jC-41070 _bR.80329 |
||
| 999 |
_c69280 _d69280 |
||